000 01206naa a22002897a 4500
001 BR9406620
003 BR-BrBNA
005 20240918181300.0
007 ta
008 230509b bl.||||| |||| 00| 0 por d
040 _aBR-BrBNA
_bpor
_cBiblioteca Nacional de Agricultura
041 _a(Pt)
072 _aK10
090 _aK10 BR9406620
100 1 _aNascimento, I.R.
111 1 _a1. Simposio Internacional de Estudos Ambientais em Florestas Tropicais Umidas
_cManaus, AM (Brazil)
_d7-13 Oct 1990
245 1 _aDesmatamento e promocao do uso sustentavel da floresta tropical amazonica do Brasil: papel das politicas governamentais
260 3 _aRio de Janeiro, RJ (Brasil):
_c1992.
500 _aAnais do 1. Simposio Internacional de Estudos Ambientais em Florestas Tropicais Umidas Rio de Janeiro, RJ (Brasil): 1992. p. 79-101 (BR9406620-AM)K10
650 _aDesmatamento
650 _aPolitica Florestal
650 _aRecurso Florestal
650 _aManejo
773 0 _tAnais do 1. Simposio Internacional de Estudos Ambientais em Florestas Tropicais Umidas
_wK10 BR9406620
_gRio de Janeiro, RJ (Brasil), 1992. p. 79-101
909 _a202404
_bLucia
_c55
_dLucia Elande
942 _cAM
_2AGRIS
999 _c324537
_d324537